| 000 | 00551nam a2200217Ia 4500 | ||
|---|---|---|---|
| 003 | GCL | ||
| 008 | 140319s9999 xx 000 0 eng d | ||
| 040 |
_aGCL / _cGCL |
||
| 082 | 0 | 4 |
_a150 _bH I |
| 100 | 1 | _aHILGARD, ERNEST R | |
| 245 | 1 | 0 |
_aINTRODUCTION TO PSYCHOLOGY / _cHILGARD, ERNEST R |
| 260 |
_a[S.N] : _bHARCOURT BRACE & COMPANY,PUBLISHERS ، _c1957 |
||
| 300 | _a653 P | ||
| 650 | 0 | 4 | _aMOTIVATION |
| 650 | 0 | 4 | _aGROWTH |
| 650 | 0 | 4 | _aDEVELOPMENT |
| 650 | 0 | 4 | _aEMOTIONS |
| 650 | 0 | 4 | _aADJUSTMENT |
| 650 | 0 | 4 | _aPERCEPTION |
| 942 |
_2ddc _cBK |
||
| 999 |
_c14877 _d14877 |
||